Conceptos básicos para un arquitecto : fundamentos para lograr un buen proyecto

Bibliographic Details
Main Author: Vélez González, Roberto
Format: Section = Libro
Language:Undetermined
Spanish
Published: México Trillas 2012
Edition:2a.ed.
Subjects:
LEADER 00673nam a2200229Ia 4500
008 240829s9999 xx 000 0 und d
020 |a 978-607-17-1245-5 
040 |a BIBLIOTECA-RUSB/ 720.28 V436 
041 |a spa 
082 |a 720.28 V436 
100 1 |a Vélez González, Roberto 
245 1 0 |a Conceptos básicos para un arquitecto : fundamentos para lograr un buen proyecto 
250 |a 2a.ed. 
260 |a México  |b Trillas  |c 2012 
300 |a 160 p. :il. 
650 7 |a ARQUITECTURA-DISEÑOS Y PLANOS 
650 7 |b  DISEÑO ARQUITECTONICO 
650 7 |c  AQUITECTURA POSMODERNA 
650 7 |d  ARQUITECTURA Y CLIMA 
942 |c BK  |2 ddc 
991 |a TEXTO 
999 |c 5009